[Event "Izmailov Memorial op 13th"]
[Site "Tomsk"]
[Date "2009.07.02"]
[Round "9"]
[White "Pushkarev, Dmitry"]
[Black "Karavaev, Anton"]
[Result "1-0"]
[WhiteElo "2424"]
[BlackElo "2191"]
[PlyCount "45"]
[EventDate "2009.06.24"]
[EventType "swiss"]
[EventRounds "9"]
[EventCountry "RUS"]
[SourceTitle "EXT 2010"]
[Source "ChessBase"]
[SourceDate "2010.11.25"]
[SourceVersion "1"]
[SourceVersionDate "2010.11.25"]
[SourceQuality "1"]

1. e4 e5 2. Nf3 Qe7 3. Nc3 c6 4. d4 d6 5. Bc4 b5 6. Bb3 Nd7 7. d5 b4 8. dxc6 bxc3 9. cxd7+ Bxd7 10. bxc3 h6 11. 0-0 Nf6 12. Re1 Bc6 13. Qd3 Qd7 14. Qc4 Rc8 15. Ba3 Qb7 16. Rab1 Bxe4 17. Ba4+ Kd8 18. Qf1 Qc7 19. Qa6 Bc6 20. Bb4 Bb7 21. Qa5 Qb6 22. Nxe5 dxe5 23. Red1+ 1-0

[Event "Izmailov Memorial op 13th"]
[Site "Tomsk"]
[Date "2009.06.26"]
[Round "3"]
[White "Komissarov, Vadim"]
[Black "Karavaev, Anton"]
[Result "0-1"]
[WhiteElo "2051"]
[BlackElo "2191"]
[PlyCount "102"]
[EventDate "2009.06.24"]
[EventType "swiss"]
[EventRounds "9"]
[EventCountry "RUS"]
[SourceTitle "EXT 2010"]
[Source "ChessBase"]
[SourceDate "2010.11.25"]
[SourceVersion "1"]
[SourceVersionDate "2010.11.25"]
[SourceQuality "1"]

1. d4 Nc6 2. Nf3 d5 3. Bf4 Bf5 4. e3 e6 5. c4 Nf6 6. Nc3 Be7 7. cxd5 exd5 8. Qb3 Rb8 9. Be2 0-0 10. 0-0 h6 11. Nb5 Rc8 12. Rac1 Na5 13. Qa4 c6 14. Nc3 b5 15. Qd1 Qb6 16. Ne5 Rfe8 17. Bd3 Bxd3 18. Qxd3 Nc4 19. b3 Nxe5 20. dxe5 Nh7 21. Qf5 Nf8 22. Nxd5 Qb7 23. Qg4 cxd5 24. Bxh6 Ng6 25. Bf4 Nxf4 26. exf4 Bf8 27. Rcd1 Rc2 28. a4 b4 29. Rd3 Rc3 30. Qf3 Rxd3 31. Qxd3 Rc8 32. Rb1 Rc3 33. Qd1 Qd7 34. g3 d4 35. Rb2 d3 36. Rd2 Qd5 37. f5 Qxe5 38. Rxd3 Qxf5 39. Rd8 Qc5 40. Kg2 Qc6+ 41. Kh3 g6 42. Qd2 Rc5 43. f3 Qe6+ 44. g4 Rc3 45. Kg2 Rxb3 46. h4 Qf6 47. Qd5 Rb2+ 48. Kg3 Re2 49. Ra8 Kg7 50. f4 Qc3+ 51. Qf3 Re3 0-1

[Event "Izmailov Memorial op 13th"]
[Site "Tomsk"]
[Date "2009.06.25"]
[Round "2"]
[White "Karavaev, Anton"]
[Black "Gutov, Andrey"]
[Result "0-1"]
[WhiteElo "2191"]
[BlackElo "2459"]
[PlyCount "36"]
[EventDate "2009.06.24"]
[EventType "swiss"]
[EventRounds "9"]
[EventCountry "RUS"]
[SourceTitle "EXT 2010"]
[Source "ChessBase"]
[SourceDate "2010.11.25"]
[SourceVersion "1"]
[SourceVersionDate "2010.11.25"]
[SourceQuality "1"]

1. e4 e5 2. Nf3 Nc6 3. Bb5 a6 4. Bxc6 dxc6 5. d4 exd4 6. Qxd4 Qxd4 7. Nxd4 Bd7 8. Be3 0-0-0 9. Nd2 Ne7 10. N4b3 b6 11. 0-0 c5 12. Rad1 Nc6 13. c3 Be7 14. h3 Ne5 15. Nc1 Bb5 16. Rfe1 Nd3 17. Nxd3 Bxd3 18. f3 Bh4 0-1

[Event "RUS-ch U16"]
[Site "Dagomys"]
[Date "2009.04.23"]
[Round "9"]
[White "Karavaev, Anton"]
[Black "Moiseenko, Vadim"]
[Result "0-1"]
[WhiteElo "2191"]
[BlackElo "2231"]
[PlyCount "50"]
[EventDate "2009.04.15"]
[EventType "swiss"]
[EventRounds "9"]
[EventCountry "RUS"]
[SourceTitle "CBM 130 Extra"]
[Source "ChessBase"]
[SourceDate "2009.07.02"]
[SourceVersion "2"]
[SourceVersionDate "2009.07.15"]
[SourceQuality "1"]

1. e4 c5 2. Nc3 a6 3. a4 Nc6 4. f4 g6 5. Nf3 Bg7 6. g3 e6 7. Bg2 d5 8. d3 Nge7 9. 0-0 0-0 10. Ne2 Rb8 11. c3 b5 12. axb5 axb5 13. Be3 c4 14. Nfd4 cxd3 15. Qxd3 Nxd4 16. Bxd4 Bxd4+ 17. Nxd4 dxe4 18. Bxe4 Qb6 19. b4 Bd7 20. Ra5 Rfc8 21. Rfa1 Be8 22. Ra7 Qd8 23. Nxb5 Nd5 24. R1a5 Qb6+ 25. Qd4 Bxb5 0-1

[Event "RUS-ch U16"]
[Site "Dagomys"]
[Date "2009.04.20"]
[Round "6"]
[White "Maleev, Pavel"]
[Black "Karavaev, Anton"]
[Result "0-1"]
[WhiteElo "2125"]
[BlackElo "2191"]
[PlyCount "102"]
[EventDate "2009.04.15"]
[EventType "swiss"]
[EventRounds "9"]
[EventCountry "RUS"]
[SourceTitle "CBM 130 Extra"]
[Source "ChessBase"]
[SourceDate "2009.07.02"]
[SourceVersion "2"]
[SourceVersionDate "2009.07.15"]
[SourceQuality "1"]

1. e4 Nc6 2. Nc3 d6 3. d4 g6 4. Be3 Bg7 5. Qd2 Nf6 6. f3 0-0 7. h4 e5 8. d5 Nd4 9. Nge2 Nxe2 10. Bxe2 c6 11. dxc6 bxc6 12. 0-0-0 d5 13. exd5 Qa5 14. Bc4 Ba6 15. Bb3 Rfd8 16. Ne4 Qxd2+ 17. Rxd2 Nxd5 18. Rhd1 Rdc8 19. Bxd5 cxd5 20. Rxd5 f5 21. Nd6 Rc6 22. Rc5 Rxc5 23. Bxc5 Bf8 24. b3 Rd8 25. c4 Bc8 26. Kc2 a6 27. Ba3 Be6 28. c5 Be7 29. Bb2 e4 30. Be5 Bxh4 31. fxe4 fxe4 32. c6 Rf8 33. Rd4 Bf2 34. Rxe4 Bd5 35. c7 Bxe4+ 36. Nxe4 Bb6 37. Nf6+ Kf7 38. Nd7 Bxc7 39. Nxf8 Bxe5 40. Nd7 Bd6 41. Kd3 Ke6 42. Nb6 Kf5 43. Nd5 h5 44. Ne3+ Kf4 45. Ke2 h4 46. Nf1 g5 47. Nh2 g4 48. Nf1 Bc5 49. Kd3 g3 50. Kc4 h3 51. Nxg3 hxg2 0-1

[Event "RUS-ch U16"]
[Site "Dagomys"]
[Date "2009.04.17"]
[Round "3"]
[White "Goldobin, Mikhail"]
[Black "Karavaev, Anton"]
[Result "1-0"]
[WhiteElo "2087"]
[BlackElo "2191"]
[PlyCount "53"]
[EventDate "2009.04.15"]
[EventType "swiss"]
[EventRounds "9"]
[EventCountry "RUS"]
[SourceTitle "CBM 130 Extra"]
[Source "ChessBase"]
[SourceDate "2009.07.02"]
[SourceVersion "2"]
[SourceVersionDate "2009.07.15"]
[SourceQuality "1"]

1. d4 d5 2. c4 e6 3. Nc3 f5 4. Nf3 c6 5. Bf4 Nf6 6. e3 Qa5 7. Bd3 Bb4 8. Qc2 dxc4 9. Bxc4 Nd5 10. Rc1 Nd7 11. Bxd5 cxd5 12. 0-0 0-0 13. Na4 Nb6 14. Nxb6 Qxb6 15. a3 Bd6 16. Bxd6 Qxd6 17. Qc7 Qxc7 18. Rxc7 Rf7 19. Rfc1 Rxc7 20. Rxc7 Kf8 21. Ne5 b6 22. Kf1 Ba6+ 23. Ke1 Bb5 24. Rf7+ Kg8 25. Re7 Rc8 26. Rxa7 h6 27. Kd2 1-0

[Event "RUS-ch zt qual 62nd"]
[Site "Armavir"]
[Date "2009.03.??"]
[Round "9"]
[White "Pivovarova, Maria"]
[Black "Karavaev, Anton"]
[Result "1/2-1/2"]
[WhiteElo "2024"]
[BlackElo "2191"]
[PlyCount "66"]
[EventDate "2009.03.21"]
[EventType "swiss"]
[EventRounds "9"]
[EventCountry "RUS"]
[SourceTitle "EXT 2022"]
[Source "ChessBase"]
[SourceDate "2021.10.06"]
[SourceVersion "1"]
[SourceVersionDate "2021.10.06"]
[SourceQuality "1"]

1. h4 e5 2. g3 d5 3. Bg2 c6 4. d4 exd4 5. Qxd4 Nf6 6. Nf3 Nbd7 7. Nc3 Bc5 8. Qd3 0-0 9. 0-0 Re8 10. Bg5 h6 11. Bxf6 Nxf6 12. e3 Bg4 13. a3 Bh5 14. Nd4 Qe7 15. b4 Bb6 16. b5 c5 17. Nf5 Qe5 18. Nxd5 c4 19. Nxf6+ Qxf6 20. Qd5 Rad8 21. Ne7+ Rxe7 22. Qxh5 Rd2 23. Rac1 Re5 24. Qg4 Rf5 25. f4 Bxe3+ 26. Kh1 Rxg2 27. Kxg2 Bxc1 28. Rxc1 Qe6 29. a4 Rd5 30. Qxe6 Rd2+ 31. Kf3 fxe6 32. Ke3 c3 33. g4 Kf7 1/2-1/2

[Event "Krasnodar Region-ch op"]
[Site "Krasnodar"]
[Date "2008.10.??"]
[Round "6"]
[White "Karavaev, Anton"]
[Black "Panarin, Mikhail"]
[Result "0-1"]
[WhiteElo "2161"]
[BlackElo "2513"]
[PlyCount "48"]
[EventDate "2008.10.18"]
[EventType "swiss"]
[EventRounds "9"]
[EventCountry "RUS"]
[SourceTitle "EXT 2022"]
[Source "ChessBase"]
[SourceDate "2021.10.06"]
[SourceVersion "1"]
[SourceVersionDate "2021.10.06"]
[SourceQuality "1"]

1. e4 c6 2. d4 d5 3. e5 Bf5 4. Nf3 e6 5. Be2 Nd7 6. 0-0 Bg6 7. b3 Nh6 8. c4 Nf5 9. g4 Nh4 10. Nxh4 Qxh4 11. f4 h5 12. g5 f6 13. Bd2 fxe5 14. Be1 Qh3 15. Rf3 Qg4+ 16. Bg3 exf4 17. cxd5 cxd5 18. Nc3 Qxg5 19. h4 Qg4 20. Nb5 Be4 21. Rc3 Qh3 22. Bf1 Qh1+ 23. Kf2 fxg3+ 24. Rxg3 Qxh4 0-1

[Event "Krasnodar Region-ch op"]
[Site "Krasnodar"]
[Date "2008.10.??"]
[Round "2"]
[White "Rjabzev, Konstantin"]
[Black "Karavaev, Anton"]
[Result "1-0"]
[WhiteElo "2326"]
[BlackElo "2161"]
[PlyCount "111"]
[EventDate "2008.10.18"]
[EventType "swiss"]
[EventRounds "9"]
[EventCountry "RUS"]
[SourceTitle "EXT 2022"]
[Source "ChessBase"]
[SourceDate "2021.10.06"]
[SourceVersion "1"]
[SourceVersionDate "2021.10.06"]
[SourceQuality "1"]

1. e4 Nc6 2. d4 d5 3. e5 Bf5 4. Nf3 e6 5. Bb5 h6 6. 0-0 Nge7 7. c3 Bh7 8. Na3 Qd7 9. Nc2 a6 10. Ba4 b5 11. Bb3 Na5 12. Ne3 Nxb3 13. axb3 a5 14. c4 b4 15. Bd2 Nc6 16. cxd5 exd5 17. Qe2 Nd8 18. Ra4 Ne6 19. Rfa1 Nf4 20. Qf1 Bd3 21. Qe1 Qb5 22. Bxb4 Bxb4 23. Rxb4 Qc6 24. Rba4 0-0 25. Rxa5 Rxa5 26. Rxa5 Rb8 27. b4 Be4 28. Nd2 Nd3 29. Qa1 Rxb4 30. Nxe4 dxe4 31. Nd5 Qc2 32. Nxb4 Qxf2+ 33. Kh1 Nxb4 34. Qg1 Qe2 35. h3 e3 36. Ra8+ Kh7 37. Ra3 Nc2 38. Rc3 Qd2 39. Rxc2 Qxc2 40. Qxe3 Qxb2 41. d5 Qb1+ 42. Kh2 Qb4 43. Kg3 Qe7 44. Qe4+ g6 45. h4 Kg7 46. Qf4 Qd8 47. Qd4 Kg8 48. d6 cxd6 49. exd6 Qd7 50. Qe5 f5 51. Qf6 Qf7 52. Qd8+ Kg7 53. d7 Qb3+ 54. Kh2 Qe3 55. Qb8 f4 56. Qe8 1-0

[Event "Azovskie Zori Rating"]
[Site "Eisk"]
[Date "2008.06.16"]
[Round "2"]
[White "Karavaev, Anton"]
[Black "Birjukov, Sergey"]
[Result "0-1"]
[WhiteElo "2144"]
[BlackElo "2221"]
[PlyCount "82"]
[EventDate "2008.06.16"]
[EventType "tourn"]
[EventRounds "10"]
[EventCountry "RUS"]
[SourceTitle "EXT 2022"]
[Source "ChessBase"]
[SourceDate "2021.10.06"]
[SourceVersion "1"]
[SourceVersionDate "2021.10.06"]
[SourceQuality "1"]

1. e4 e6 2. d4 d5 3. e5 c5 4. c3 Qb6 5. Nf3 Bd7 6. a3 a5 7. b3 Nc6 8. Be3 Rc8 9. Nbd2 cxd4 10. cxd4 Nge7 11. Bd3 Na7 12. 0-0 Bb5 13. Nb1 Nf5 14. g4 Nxe3 15. fxe3 Be7 16. Ra2 0-0 17. Rff2 Bxd3 18. Qxd3 Rc1+ 19. Rf1 Rfc8 20. Raf2 Qb5 21. Qxb5 Nxb5 22. a4 Rxf1+ 23. Rxf1 Nc3 24. Nfd2 Bg5 25. Kf2 f6 26. exf6 gxf6 27. Kf3 Na2 28. Na3 e5 29. Nb5 Rc1 30. Ke2 Rc6 31. Rb1 exd4 32. exd4 Rc2 33. Rd1 Nc1+ 34. Ke1 Nd3+ 35. Ke2 Nb2 36. Nc3 Rxc3 37. Rb1 Re3+ 38. Kf1 Nd3 39. Rd1 Rh3 40. Kg2 Nf4+ 41. Kh1 Rd3 0-1

[Event "Kuban Region-ch"]
[Site "Krasnodar"]
[Date "2007.??.??"]
[Round "7"]
[White "Karabakhtsian, Adroniks"]
[Black "Karavaev, Anton"]
[Result "1-0"]
[WhiteElo "2280"]
[BlackElo "2150"]
[PlyCount "141"]
[EventDate "2007.10.??"]
[EventType "swiss"]
[EventRounds "9"]
[EventCountry "RUS"]
[SourceTitle "EXT 2010"]
[Source "ChessBase"]
[SourceDate "2010.11.25"]
[SourceVersion "1"]
[SourceVersionDate "2010.11.25"]
[SourceQuality "1"]

1. d4 d5 2. Nf3 Nc6 3. c3 Bg4 4. Bf4 e6 5. Nbd2 Bd6 6. e3 Nge7 7. h3 Bf5 8. Nh4 Bg6 9. Nxg6 Nxg6 10. Bxd6 cxd6 11. Bd3 Rb8 12. c4 dxc4 13. Nxc4 d5 14. Nd2 f5 15. Nb3 0-0 16. Rc1 Qg5 17. Qf3 Nh4 18. Qg3 Qh6 19. f4 Kh8 20. Nc5 Rg8 21. Qg5 Qxg5 22. fxg5 f4 23. 0-0 fxe3 24. Rf4 Nf5 25. Nxe6 Nd6 26. Rh4 g6 27. Nf4 Ne4 28. Nxd5 Nxg5 29. Nxe3 Rge8 30. Nc4 Rbd8 31. Bxg6 Rg8 32. Bh5 Nxd4 33. Kh2 b5 34. Ne5 Nf5 35. Rg4 Nh6 36. Rg3 Rd5 37. Re1 Rd4 38. Nf3 Nxf3+ 39. Bxf3 Rf8 40. Rg5 a6 41. Re6 Nf5 42. Rxa6 Nh4 43. Bd5 Ng6 44. Ra8 Kg7 45. Rxf8 Kxf8 46. Bf3 b4 47. Rd5 Rc4 48. b3 Rc2 49. Rd4 Rxa2 50. Rxb4 Ne5 51. Be4 h6 52. Rb5 Nf7 53. Rf5 Kg7 54. Bd5 Nd6 55. Re5 Rb2 56. Re7+ Kh8 57. Re6 Nf5 58. Rf6 Ne3 59. Bf3 Rxb3 60. Rxh6+ Kg7 61. Ra6 Nf1+ 62. Kg1 Ng3 63. Kf2 Nh1+ 64. Kg1 Ng3 65. h4 Rb4 66. Kh2 Nf5 67. h5 Nh4 68. Kg3 Kh7 69. Ra5 Kg8 70. Bd1 Re4 71. Kf2 1-0

[Event "Kuban Region-ch"]
[Site "Krasnodar"]
[Date "2007.??.??"]
[Round "6"]
[White "Karavaev, Anton"]
[Black "Demchenko, Anton"]
[Result "0-1"]
[WhiteElo "2150"]
[BlackElo "2465"]
[PlyCount "46"]
[EventDate "2007.10.??"]
[EventType "swiss"]
[EventRounds "9"]
[EventCountry "RUS"]
[SourceTitle "EXT 2010"]
[Source "ChessBase"]
[SourceDate "2010.11.25"]
[SourceVersion "1"]
[SourceVersionDate "2010.11.25"]
[SourceQuality "1"]

1. e4 e5 2. d4 exd4 3. Qxd4 Nc6 4. Qe3 Nf6 5. Nc3 Bb4 6. Bd2 0-0 7. 0-0-0 Re8 8. Qg3 Rxe4 9. a3 Rg4 10. Qf3 Bc5 11. h3 Rg6 12. g4 d5 13. g5 Nd4 14. Qg3 Ne4 15. Nxe4 dxe4 16. Ne2 Nf5 17. Qf4 Qe8 18. Ng3 Nxg3 19. Qxg3 Rd6 20. Bg2 Bf5 21. Qf4 Qe6 22. Kb1 Rad8 23. Rhe1 e3 0-1